00341nam a2200121 a 4500008004100000020001800041050001700059100001900076245004900095260003800144300001400182650002300196210303s2010 ||||||||||||||||| || u a9785769555626 aPG 2900 Che  aChernyak, V.D 10aSynonyms in Russian language cV.D Chernyak  aMoscowbAcademia publishersc2010 a125 pages aRUSSIAN LITERATURE